| 000 | 01107nam a2200241Ii 4500 | ||
|---|---|---|---|
| 008 | 221202s xx 000 0 und d | ||
| 100 | 1 |
_aMotohashi, Kazuyuki, _eauthor |
|
| 245 | 0 |
_aGlobal Business Strategy : _b Multinational Corporations Venturing into Emerging Markets |
|
| 264 | 1 |
_aCham _bSpringer Nature _c2015 |
|
| 300 | _a1 online resource (259 pages) | ||
| 336 |
_atext _btxt _2rdacontent |
||
| 337 |
_acomputer _bc _2rdamedia |
||
| 338 |
_aonline resource _bcr _2rdacarrier |
||
| 490 | _aSpringer Texts in Business and Economics | ||
| 520 | _aEmerging Markets/Globalization; Innovation/Technology Management; Business Strategy/Leadership; International Economics; Operations Management | ||
| 653 | _aBusiness Strategy/Leadership | ||
| 653 | _aEmerging Markets/Globalization | ||
| 653 | _aInnovation/Technology Management | ||
| 653 | _aInternational Economics | ||
| 653 | _aOperations Management | ||
| 856 |
_uhttps://docs.google.com/spreadsheets/d/1yKIrdCPDAG_9c22mwoOIO2DOhtj65Wqa/edit?usp=sharing&ouid=106555315294820607512&rtpof=true&sd=true _yList of Curated E-Books |
||
| 942 | _cE-BOOK | ||
| 999 |
_c93841 _d93838 |
||